Tracklist - VULTURES 1 By Ye (Kanye West) and Ty Dolla $ign - Statistics

General Stats
  • This quiz has been taken 11 times
  • The average score is 14 of 16
Answer Stats
Features Answer % Correct
Rich The Kid, Playboi Carti CARNIVAL
100%
India Love KEYS TO MY LIFE
100%
STARS
100%
North West TALKING
100%
Freddie Gibbs BACK TO ME
86%
Chris Brown BEG FORGIVENESS
86%
YG, Nipsey Hustle DO IT
86%
Playboi Carti, Travis Scott F SUMN
86%
HOODRAT
86%
KING
86%
PAID
86%
PROBLEMATIC
86%
Bump J, Lil Durk VULTURES
86%
BURN
71%
Quavo PAPERWORK
71%
J. Rey Soul GOOD (DON'T DIE)
57%
No matching quizzes found
Score Distribution
Percent of People with Each Score
Percentile by Number Answered
Your Score History
You have not taken this quiz